[Event "Groningen Combinatie op"]
[Site "Groningen"]
[Date "2023.05.21"]
[Round "6"]
[White "Van de Poel, Taco"]
[Black "Clemens, Adrian HP"]
[Result "1/2-1/2"]
[WhiteElo "1854"]
[BlackElo "2060"]
[PlyCount "106"]
[EventDate "2023.05.18"]
[EventType "swiss"]
[EventRounds "7"]
[EventCountry "NED"]
[SourceTitle "CBM 214 Extra"]
[Source "ChessBase"]
[SourceDate "2023.07.31"]
[SourceVersion "1"]
[SourceVersionDate "2023.07.31"]
[SourceQuality "1"]

1. e4 c5 2. Nf3 d6 3. d4 cxd4 4. Nxd4 Nf6 5. Nc3 Nc6 6. Bc4 Qb6 7. Nb3 e6 8. Be3 Qc7 9. 0-0 Be7 10. f4 0-0 11. Bd3 b6 12. g4 Bb7 13. g5 Nd7 14. e5 Ncxe5 15. fxe5 Nxe5 16. Be4 d5 17. Bxh7+ Kxh7 18. Bf4 Ba6 19. Qh5+ Kg8 20. Rae1 Bd6 21. Bxe5 Bxe5 22. g6 Bxh2+ 23. Kh1 fxg6 24. Rxf8+ Rxf8 25. Qxh2 Qxh2+ 26. Kxh2 Rf2+ 27. Kg3 Rxc2 28. Rxe6 Rxb2 29. Re8+ Kh7 30. Nd4 Bc4 31. Ne6 g5 32. Re7 Rc2 33. Nd1 Rxa2 34. Ne3 Kg6 35. Ng4 Ra3+ 36. Kf2 Kf5 37. Ne3+ Kf6 38. Re8 Kf7 39. Nc7 Ra2+ 40. Kg3 Re2 41. Kf3 b5 42. Nxc4 Rxe8 43. Nd6+ Ke7 44. Ndxe8 Kd7 45. Nxb5 Kxe8 46. Nxa7 Kd7 47. Nb5 Kc6 48. Nd4+ Kc5 49. Ne6+ Kc4 50. Nxg5 d4 51. Ne6 d3 52. Nxg7 Kc3 53. Nf5 d2 1/2-1/2

[Event "Groningen Combinatie op"]
[Site "Groningen"]
[Date "2023.05.19"]
[Round "3"]
[White "Clemens, Adrian HP"]
[Black "Kingma, Lukas"]
[Result "1/2-1/2"]
[WhiteElo "2060"]
[BlackElo "1518"]
[PlyCount "62"]
[EventDate "2023.05.18"]
[EventType "swiss"]
[EventRounds "7"]
[EventCountry "NED"]
[SourceTitle "CBM 214 Extra"]
[Source "ChessBase"]
[SourceDate "2023.07.31"]
[SourceVersion "1"]
[SourceVersionDate "2023.07.31"]
[SourceQuality "1"]

1. d4 Nf6 2. Nf3 g6 3. c4 Bg7 4. Nc3 d6 5. e4 0-0 6. Be2 e5 7. 0-0 Nc6 8. d5 Ne7 9. b4 Nh5 10. Re1 f5 11. Bf1 Nf6 12. Ng5 c6 13. Qb3 h6 14. Ne6 Bxe6 15. dxe6 Nxe4 16. Nxe4 fxe4 17. Rxe4 d5 18. cxd5 cxd5 19. Rh4 Qb6 20. Be3 Qxe6 21. Rd1 Kh7 22. Rh3 Rad8 23. Bc5 b6 24. Bxe7 Qxe7 25. Re3 d4 26. Re4 Qf6 27. Qb2 Rc8 28. Bd3 Kh8 29. Rg4 g5 30. Qe2 h5 31. Re4 Qh6 1/2-1/2

[Event "Groningen Combinatie op"]
[Site "Groningen"]
[Date "2023.05.18"]
[Round "1"]
[White "Clemens, Adrian HP"]
[Black "Koes, Richard"]
[Result "1-0"]
[WhiteElo "2060"]
[BlackElo "1809"]
[PlyCount "59"]
[EventDate "2023.05.18"]
[EventType "swiss"]
[EventRounds "7"]
[EventCountry "NED"]
[SourceTitle "CBM 214 Extra"]
[Source "ChessBase"]
[SourceDate "2023.07.31"]
[SourceVersion "1"]
[SourceVersionDate "2023.07.31"]
[SourceQuality "1"]

1. d4 Nf6 2. Nf3 b5 3. Bf4 Bb7 4. e3 a6 5. Nbd2 e6 6. Bd3 d6 7. 0-0 Nbd7 8. h3 Be7 9. c3 c5 10. a4 bxa4 11. Qxa4 0-0 12. Bh2 Nb6 13. Qa5 Nfd7 14. Rfe1 Nb8 15. Qa2 N8d7 16. Qb1 h6 17. Qd1 Nf6 18. e4 Nh7 19. Qe2 a5 20. dxc5 dxc5 21. Red1 Qc8 22. Ne5 Bd6 23. Ndf3 f6 24. Nc4 Bxh2+ 25. Nxh2 Nxc4 26. Bxc4 Qc6 27. f3 Ng5 28. e5 fxe5 29. Qxe5 Rf5 30. Qxf5 1-0

[Event "Hoogeveen op 25th"]
[Site "Hoogeveen"]
[Date "2022.10.22"]
[Round "9"]
[White "Sevcikova, Lucia"]
[Black "Clemens, Adrian HP"]
[Result "1/2-1/2"]
[WhiteElo "1931"]
[BlackElo "2082"]
[PlyCount "98"]
[EventDate "2022.10.15"]
[EventType "swiss"]
[EventRounds "9"]
[EventCountry "NED"]
[SourceTitle "CBM 210 Extra"]
[Source "ChessBase"]
[SourceDate "2022.11.30"]
[SourceVersion "1"]
[SourceVersionDate "2022.11.30"]
[SourceQuality "1"]

1. d4 d5 2. c4 e6 3. Nc3 c5 4. cxd5 cxd4 5. Qxd4 Nc6 6. Qd1 exd5 7. Qxd5 Qc7 8. Bg5 h6 9. Bh4 Nge7 10. Bxe7 Bxe7 11. e3 0-0 12. Bb5 Nb4 13. Qe4 a6 14. Be2 b5 15. Nf3 Bb7 16. Qb1 Bf6 17. 0-0 Bxc3 18. bxc3 Qxc3 19. Nd4 Rfe8 20. Rc1 Qa3 21. Qb3 Qxb3 22. axb3 Rec8 23. Bg4 Rxc1+ 24. Rxc1 Rb8 25. Bf3 Rc8 26. Rxc8+ Bxc8 27. Nc6 Nxc6 28. Bxc6 b4 29. Kf1 Be6 30. Ba4 Kf8 31. Ke2 Ke7 32. Kd3 Kd6 33. Kd4 g5 34. e4 f6 35. f3 a5 36. g3 Bf7 37. f4 gxf4 38. gxf4 Bh5 39. e5+ fxe5+ 40. fxe5+ Ke7 41. Bb5 Bd1 42. Bc4 a4 43. bxa4 Bxa4 44. Bd5 Bd1 45. Kc4 b3 46. Kc3 Bc2 47. Bxb3 Bxb3 48. Kxb3 Ke6 49. Kc3 Kxe5 1/2-1/2

[Event "Hoogeveen op 25th"]
[Site "Hoogeveen"]
[Date "2022.10.17"]
[Round "3"]
[White "Abma, Klaas"]
[Black "Clemens, Adrian HP"]
[Result "0-1"]
[WhiteElo "1835"]
[BlackElo "2082"]
[PlyCount "88"]
[EventDate "2022.10.15"]
[EventType "swiss"]
[EventRounds "9"]
[EventCountry "NED"]
[SourceTitle "CBM 210 Extra"]
[Source "ChessBase"]
[SourceDate "2022.11.30"]
[SourceVersion "1"]
[SourceVersionDate "2022.11.30"]
[SourceQuality "1"]

1. d4 Nf6 2. Nf3 g6 3. g3 Bg7 4. Bg2 0-0 5. 0-0 d6 6. b3 c5 7. Bb2 cxd4 8. Nxd4 d5 9. c4 dxc4 10. Nd2 cxb3 11. Qxb3 Nc6 12. Nxc6 bxc6 13. Bxc6 Be6 14. Qf3 Rc8 15. Nb3 Bg4 16. Qg2 Bxe2 17. Rfe1 Bg4 18. Nd4 Qb6 19. Rab1 e5 20. Rxe5 Nh5 21. Rb5 Qa6 22. Bb7 Qxa2 23. Ra1 Qxa1+ 24. Bxa1 Rc1+ 25. Qf1 Rxf1+ 26. Kxf1 Rd8 27. Rd5 Rxd5 28. Bxd5 Nf6 29. Bc6 Bd7 30. Bb7 Ne8 31. Ke2 Nd6 32. Bd5 Nb5 33. Kd3 Kf8 34. Kc4 Bxd4 35. Bxd4 Nxd4 36. Kxd4 g5 37. h4 gxh4 38. gxh4 Ke7 39. Ke5 a5 40. f4 f6+ 41. Kd4 Kd6 42. Bg8 h6 43. Ba2 Be6 44. Bb1 a4 0-1

[Event "Groninger Combinatie op"]
[Site "Groningen"]
[Date "2022.05.27"]
[Round "3"]
[White "Balje, Jan"]
[Black "Clemens, Adrian HP"]
[Result "1/2-1/2"]
[WhiteElo "2197"]
[BlackElo "2103"]
[PlyCount "131"]
[EventDate "2022.05.26"]
[EventType "swiss"]
[EventRounds "7"]
[EventCountry "NED"]
[SourceTitle "CBM 208 Extra"]
[Source "ChessBase"]
[SourceDate "2022.07.31"]
[SourceVersion "1"]
[SourceVersionDate "2022.07.31"]
[SourceQuality "1"]

1. d4 Nf6 2. c4 g6 3. g3 Bg7 4. Bg2 d5 5. cxd5 Nxd5 6. Nf3 Nb6 7. 0-0 Nc6 8. e3 0-0 9. Nc3 e5 10. d5 Na5 11. b3 e4 12. Nd4 Nxd5 13. Nxe4 b6 14. b4 Nxb4 15. Ba3 c5 16. Nxc5 bxc5 17. Bxa8 Ba6 18. Bg2 Bxf1 19. Bxf1 Qb6 20. Rb1 Nb7 21. Bxb4 cxb4 22. a3 a5 23. axb4 axb4 24. Bg2 Rd8 25. Qa4 Bf8 26. Qc6 Qxc6 27. Nxc6 Rd6 28. h4 h5 29. Bf3 Kg7 30. Rb2 Nd8 31. Nxb4 Rb6 32. Nd3 Rxb2 33. Nxb2 Ne6 34. Nc4 Kf6 35. Nb6 Bd6 36. Nd5+ Kg7 37. Bd1 Nc7 38. Nb6 Bc5 39. Nc4 Kf6 40. Kg2 Ne8 41. e4 Ke7 42. Kf3 Nd6 43. Ne3 Nb5 44. Ba4 Nd4+ 45. Kg2 Ne6 46. Nd5+ Kf8 47. f4 Bd4 48. Kf3 Nc5 49. Bc2 Kg7 50. Ne7 Bc3 51. f5 Nd7 52. fxg6 fxg6 53. Nd5 Ne5+ 54. Kf4 Bb2 55. Ba4 Nd3+ 56. Ke3 Ne5 57. Bb5 Ng4+ 58. Kf3 Be5 59. Nf4 Bb2 60. Be8 Ne5+ 61. Ke2 Bc3 62. Kd1 Kh6 63. Ke2 Bd4 64. Ne6 Bb6 65. Ng5 Bd4 66. Nf7+ 1/2-1/2

[Event "Ghent Eastman op 42nd"]
[Site "Ghent"]
[Date "2019.07.23"]
[Round "8"]
[White "Clemens, Adrian HP"]
[Black "Cordts, Ingo"]
[Result "1-0"]
[WhiteElo "2110"]
[BlackElo "2212"]
[PlyCount "85"]
[EventDate "2019.07.20"]
[EventType "swiss"]
[EventRounds "9"]
[EventCountry "BEL"]
[SourceTitle "CBM 191 Extra"]
[Source "ChessBase"]
[SourceDate "2019.09.30"]
[SourceVersion "1"]
[SourceVersionDate "2019.09.30"]
[SourceQuality "1"]

1. d4 d5 2. c4 e6 3. Nf3 Nf6 4. Nc3 Bb4 5. Qa4+ Nc6 6. e3 0-0 7. Qc2 Bd6 8. h3 Re8 9. a3 dxc4 10. Bxc4 e5 11. 0-0 h6 12. Ba2 exd4 13. exd4 Qe7 14. Bxh6 Ne4 15. Nxe4 Qxe4 16. Bxf7+ Kf8 17. Qxe4 Rxe4 18. Bd5 Re2 19. Bc1 Bf5 20. b4 Rb8 21. Be3 Ne7 22. Bc4 Rb2 23. Ra2 Rxa2 24. Bxa2 a5 25. bxa5 Bxa3 26. Bd2 Ra8 27. Bb1 Bc8 28. Be4 Nf5 29. Rb1 Nd6 30. Bd5 c6 31. Ba2 Bf5 32. Re1 Ne4 33. Re3 Bd6 34. Be1 Bc7 35. g4 Bh7 36. Bb1 Nf6 37. Bxh7 Nxh7 38. Rb3 Ra7 39. Ne5 Ng5 40. Nc4 Kf7 41. Bd2 Ne4 42. Be3 Nf6 43. Bd2 1-0

[Event "Ghent Eastman op 42nd"]
[Site "Ghent"]
[Date "2019.07.23"]
[Round "7"]
[White "Docx, Stefan"]
[Black "Clemens, Adrian HP"]
[Result "1/2-1/2"]
[WhiteElo "2433"]
[BlackElo "2110"]
[PlyCount "232"]
[EventDate "2019.07.20"]
[EventType "swiss"]
[EventRounds "9"]
[EventCountry "BEL"]
[SourceTitle "CBM 191 Extra"]
[Source "ChessBase"]
[SourceDate "2019.09.30"]
[SourceVersion "1"]
[SourceVersionDate "2019.09.30"]
[SourceQuality "1"]

1. d4 Nf6 2. c4 e6 3. Nf3 b6 4. g3 Ba6 5. Qc2 Bb7 6. Bg2 c5 7. d5 exd5 8. cxd5 Nxd5 9. 0-0 Be7 10. Rd1 Nc6 11. Qa4 Nf6 12. Nh4 0-0 13. Nf5 d5 14. Nc3 Nd4 15. Nxd4 cxd4 16. Qxd4 Bc5 17. Qh4 Ne4 18. Qxd8 Raxd8 19. Nxe4 dxe4 20. Bf4 h6 21. h4 a5 22. Kf1 Rfe8 23. a3 Kf8 24. Ke1 Ke7 25. Bh3 Rxd1+ 26. Rxd1 Rd8 27. Rc1 Bd5 28. Bc7 Ra8 29. h5 Ra7 30. Bb8 Ra8 31. Bf4 Rd8 32. Bc7 Ra8 33. Bf5 Ra7 34. Bb8 Ra8 35. Be5 f6 36. Bf4 a4 37. Bd2 Ra7 38. Rc3 Rb7 39. Kf1 Kd6 40. Rc1 Kc6 41. Bb4 Re7 42. Bc3 Ra7 43. Kg1 Re7 44. e3 Ra7 45. Kg2 Re7 46. Kh2 Bf7 47. g4 Bd5 48. Kg3 Kb7 49. Bb4 Kc6 50. Kf4 Re5 51. Bc3 Re7 52. Kg3 Re8 53. Bd4 Re7 54. Bg6 Kd6 55. Kf4 Kc6 56. Bh7 Kd6 57. Bf5 Kc6 58. Bc8 Rc7 59. Bf5 Re7 60. Kg3 Kd6 61. Bc3 Kc6 62. Bg6 Bd6+ 63. Kg2 Bc5 64. Kg3 Bd6+ 65. Be5+ Bc5 66. Bf4 Bb3 67. Bb8 Kb7 68. Bf4 Kc6 69. Rh1 Kb7 70. Rc1 Kc6 71. Bb8 Kb7 72. Rxc5 bxc5 73. Bd6 Rd7 74. Bxc5 Bd5 75. Bd4 Kc6 76. Be8 Kd6 77. Kf4 Rc7 78. Bxa4 Rc1 79. Bc3 Rg1 80. Bb5 Rg2 81. Be1 Rg1 82. Bb4+ Ke6 83. f3 exf3 84. e4 Bb3 85. Kxf3 Bd1+ 86. Kf2 Rxg4 87. Bc6 Rh4 88. Bd5+ Kd7 89. Bf8 Rh2+ 90. Ke3 Rxb2 91. Bxg7 Ke7 92. Bxh6 Bxh5 93. Kd4 Be8 94. Kc3 Rb1 95. Be3 Kd6 96. Bd4 f5 97. Ba2 Rc1+ 98. Kd2 Rh1 99. e5+ Kc6 100. Bb3 f4 101. Bd1 Rh2+ 102. Kc3 Rh3+ 103. Kd2 Bg6 104. Bb2 Kd5 105. a4 Kc4 106. e6 Rd3+ 107. Ke1 Re3+ 108. Kf2 Rxe6 109. Bg4 Rb6 110. Be5 Be8 111. a5 Rb1 112. Bxf4 Rb2+ 113. Kg3 Kb5 114. Bc7 Ra2 115. Be6 Rxa5 116. Bxa5 Kxa5 1/2-1/2

[Event "Hoogeveen op 22nd"]
[Site "Hoogeveen"]
[Date "2018.10.25"]
[Round "7"]
[White "Clemens, Adrian HP"]
[Black "Van der Hagen, Loek"]
[Result "1-0"]
[WhiteElo "2153"]
[BlackElo "1820"]
[PlyCount "85"]
[EventDate "2018.10.20"]
[EventType "swiss"]
[EventRounds "9"]
[EventCountry "NED"]
[SourceTitle "CBM 187 Extra"]
[Source "ChessBase"]
[SourceDate "2018.11.04"]
[SourceVersion "1"]
[SourceVersionDate "2018.11.04"]
[SourceQuality "1"]

1. d4 Nf6 2. c4 c5 3. d5 b5 4. Qc2 bxc4 5. e4 e6 6. Bxc4 exd5 7. exd5 d6 8. Nc3 Be7 9. Nge2 0-0 10. 0-0 Nbd7 11. Bf4 Nh5 12. Be3 Ne5 13. b3 f5 14. f4 Ng4 15. Bc1 Rf6 16. h3 Nh6 17. Qd3 Rg6 18. Qf3 Nf6 19. Ng3 Nd7 20. Nh5 Bh4 21. Bb2 Nf6 22. Nxf6+ Bxf6 23. Nd1 Bxb2 24. Nxb2 Qh4 25. Qe3 Bd7 26. Rf3 Re8 27. Qf2 Qf6 28. Rd1 Nf7 29. Nd3 Re4 30. Re3 Qe7 31. Rde1 Nh6 32. Nxc5 Rxe3 33. Rxe3 Qd8 34. Ne6 Qf6 35. Re2 Qa1+ 36. Re1 Qc3 37. Qe3 Qb2 38. Re2 Qa1+ 39. Kf2 Qh1 40. Ng5 Rf6 41. Re1 Qh2 42. Nf3 Ng4+ 43. hxg4 1-0

[Event "Hoogeveen op 22nd"]
[Site "Hoogeveen"]
[Date "2018.10.22"]
[Round "3"]
[White "Clemens, Adrian HP"]
[Black "Van Kooten, Luuk"]
[Result "1/2-1/2"]
[WhiteElo "2153"]
[BlackElo "2320"]
[PlyCount "64"]
[EventDate "2018.10.20"]
[EventType "swiss"]
[EventRounds "9"]
[EventCountry "NED"]
[SourceTitle "CBM 187 Extra"]
[Source "ChessBase"]
[SourceDate "2018.11.04"]
[SourceVersion "1"]
[SourceVersionDate "2018.11.04"]
[SourceQuality "1"]

1. d4 Nf6 2. c4 c5 3. d5 e6 4. Nc3 exd5 5. cxd5 d6 6. Nf3 g6 7. Nd2 Bg7 8. e4 0-0 9. Be2 Na6 10. 0-0 Nc7 11. a4 b6 12. Nc4 Ba6 13. Bg5 Qd7 14. Re1 Bxc4 15. Bxc4 a6 16. h3 b5 17. Bf1 bxa4 18. Nxa4 Rab8 19. Bc4 Rb4 20. b3 Re8 21. e5 Nfxd5 22. Qf3 Rxe5 23. Rxe5 Bxe5 24. Rd1 Rxc4 25. bxc4 Qxa4 26. cxd5 c4 27. Bh6 Nb5 28. Re1 Qa5 29. Rc1 Nd4 30. Qd3 c3 31. Qc4 Qd8 32. Rxc3 Ne2+ 1/2-1/2

[Event "Hoogeveen op 22nd"]
[Site "Hoogeveen"]
[Date "2018.10.21"]
[Round "2"]
[White "De Vries, Emma"]
[Black "Clemens, Adrian HP"]
[Result "0-1"]
[WhiteElo "1905"]
[BlackElo "2153"]
[PlyCount "60"]
[EventDate "2018.10.20"]
[EventType "swiss"]
[EventRounds "9"]
[EventCountry "NED"]
[SourceTitle "CBM 187 Extra"]
[Source "ChessBase"]
[SourceDate "2018.11.04"]
[SourceVersion "1"]
[SourceVersionDate "2018.11.04"]
[SourceQuality "1"]

1. e4 c5 2. Nf3 d6 3. Bb5+ Bd7 4. Bxd7+ Nxd7 5. 0-0 Ngf6 6. Re1 Rc8 7. c3 e6 8. d4 cxd4 9. cxd4 d5 10. Nc3 dxe4 11. Ng5 Be7 12. d5 Nxd5 13. Ncxe4 0-0 14. Qg4 N7f6 15. Qh3 h6 16. Nf3 Rc4 17. Nxf6+ Bxf6 18. Qg3 Qc7 19. Ne5 Bxe5 20. Qxe5 Qxe5 21. Rxe5 Rc2 22. a3 Rfc8 23. Re1 a5 24. b3 R8c6 25. Be3 R6c3 26. b4 Nxe3 27. fxe3 axb4 28. axb4 Rb2 29. Rac1 Rxc1 30. Rxc1 Rxb4 0-1

[Event "Ghent Eastman op 41st"]
[Site "Ghent"]
[Date "2018.07.17"]
[Round "7"]
[White "Arman, Deniz"]
[Black "Clemens, Adrian HP"]
[Result "1-0"]
[WhiteElo "2366"]
[BlackElo "2165"]
[PlyCount "47"]
[EventDate "2018.07.14"]
[EventType "swiss"]
[EventRounds "9"]
[EventCountry "BEL"]
[SourceTitle "CBM 185 Extra"]
[Source "ChessBase"]
[SourceDate "2018.07.29"]
[SourceVersion "1"]
[SourceVersionDate "2018.07.29"]
[SourceQuality "1"]

1. e4 c5 2. Nf3 d6 3. d4 cxd4 4. Nxd4 Nf6 5. Nc3 a6 6. Bg5 Nbd7 7. Qe2 e6 8. 0-0-0 Qc7 9. f4 Be7 10. g4 b5 11. a3 h6 12. Bh4 Rb8 13. Bg3 Nc5 14. Bg2 b4 15. axb4 Rxb4 16. e5 dxe5 17. Nc6 exf4 18. Nxb4 fxg3 19. Nc6 Bd6 20. hxg3 0-0 21. g5 hxg5 22. b4 Nb7 23. Qe3 Bxg3 24. Qxg3 1-0

[Event "Ghent Eastman op 41st"]
[Site "Ghent"]
[Date "2018.07.15"]
[Round "3"]
[White "Pienski, Olaf"]
[Black "Clemens, Adrian HP"]
[Result "1/2-1/2"]
[WhiteElo "2089"]
[BlackElo "2165"]
[PlyCount "64"]
[EventDate "2018.07.14"]
[EventType "swiss"]
[EventRounds "9"]
[EventCountry "BEL"]
[SourceTitle "CBM 185 Extra"]
[Source "ChessBase"]
[SourceDate "2018.07.29"]
[SourceVersion "1"]
[SourceVersionDate "2018.07.29"]
[SourceQuality "1"]

1. e4 c5 2. Nf3 d6 3. d4 cxd4 4. Nxd4 Nf6 5. Nc3 a6 6. Be2 e6 7. 0-0 Nc6 8. Be3 Be7 9. f4 0-0 10. a4 Qc7 11. Kh1 Nxd4 12. Bxd4 e5 13. Be3 exf4 14. Bxf4 Be6 15. Nd5 Bxd5 16. exd5 Nd7 17. c4 Bf6 18. Qc2 a5 19. Ra3 Rae8 20. Rh3 g6 21. Bh6 Be5 22. Bxf8 Rxf8 23. Bd3 Nc5 24. b3 f5 25. Rhf3 Qg7 26. Qb1 Qh6 27. Rh3 Qd2 28. Bc2 Rf7 29. Rhf3 Qh6 30. Rh3 Qd2 31. Rhf3 Qh6 32. Rh3 Qd2 1/2-1/2

[Event "Groningen Combinatie op"]
[Site "Groningen"]
[Date "2018.05.13"]
[Round "6"]
[White "Wolters, Vincent"]
[Black "Clemens, Adrian HP"]
[Result "1/2-1/2"]
[WhiteElo "1848"]
[BlackElo "2179"]
[PlyCount "58"]
[EventDate "2018.05.10"]
[EventType "swiss"]
[EventRounds "7"]
[EventCountry "NED"]
[SourceTitle "CBM 184 Extra"]
[Source "ChessBase"]
[SourceDate "2018.06.28"]
[SourceVersion "1"]
[SourceVersionDate "2018.06.28"]
[SourceQuality "1"]

1. e4 c5 2. Nf3 d6 3. d4 cxd4 4. Nxd4 Nf6 5. Nc3 a6 6. a4 e6 7. Be3 Be7 8. Be2 Nc6 9. Nb3 b6 10. f4 Qc7 11. Bf3 Rb8 12. 0-0 0-0 13. g4 Na5 14. Nxa5 bxa5 15. Rb1 Rb4 16. Qd3 Bb7 17. g5 Nd7 18. b3 Nc5 19. Bxc5 Qxc5+ 20. Kh1 Rc8 21. Na2 Rd4 22. Qe3 e5 23. f5 Rxe4 24. Qxc5 Rxc5 25. f6 Bf8 26. Rbc1 gxf6 27. gxf6 Bh6 28. Rcd1 Bf8 29. c4 Re2 1/2-1/2

[Event "Groningen Combinatie op"]
[Site "Groningen"]
[Date "2018.05.12"]
[Round "4"]
[White "Pham, Khoi"]
[Black "Clemens, Adrian HP"]
[Result "1-0"]
[WhiteElo "2001"]
[BlackElo "2179"]
[PlyCount "84"]
[EventDate "2018.05.10"]
[EventType "swiss"]
[EventRounds "7"]
[EventCountry "NED"]
[SourceTitle "CBM 184 Extra"]
[Source "ChessBase"]
[SourceDate "2018.06.28"]
[SourceVersion "1"]
[SourceVersionDate "2018.06.28"]
[SourceQuality "1"]

1. e4 c5 2. Nf3 d6 3. d4 cxd4 4. Nxd4 Nf6 5. Nc3 a6 6. Be2 e6 7. Be3 Nbd7 8. 0-0 b5 9. a4 b4 10. Nc6 Qc7 11. Nxb4 d5 12. Nba2 dxe4 13. Nc1 Bd6 14. h3 0-0 15. Nb3 Rd8 16. Kh1 Bb7 17. f3 Nh5 18. Bf2 e3 19. Bh4 Ndf6 20. Qc1 Bf4 21. Ne4 Qe5 22. Nbc5 Rd2 23. Nd3 Nxe4 24. fxe4 Qxe4 25. Bf3 Rxg2 26. Kxg2 Qg6+ 27. Kh1 Ng3+ 28. Bxg3 Qxg3 29. Nxf4 Bxf3+ 30. Rxf3 Qxf3+ 31. Ng2 e2 32. Qe3 Qf1+ 33. Qg1 Qf3 34. Re1 Qxh3+ 35. Qh2 Qg4 36. Ne3 Qxa4 37. Qxe2 Rd8 38. Rd1 Qh4+ 39. Kg1 Qg5+ 40. Ng2 Qc5+ 41. Kh1 Rb8 42. Qxa6 Qxc2 1-0

[Event "Groningen Combinatie op"]
[Site "Groningen"]
[Date "2018.05.11"]
[Round "3"]
[White "Salihbegovic, Edim"]
[Black "Clemens, Adrian HP"]
[Result "0-1"]
[WhiteElo "1923"]
[BlackElo "2179"]
[PlyCount "46"]
[EventDate "2018.05.10"]
[EventType "swiss"]
[EventRounds "7"]
[EventCountry "NED"]
[SourceTitle "CBM 184 Extra"]
[Source "ChessBase"]
[SourceDate "2018.06.28"]
[SourceVersion "1"]
[SourceVersionDate "2018.06.28"]
[SourceQuality "1"]

1. c4 g6 2. g3 Bg7 3. Bg2 c5 4. Nc3 Nc6 5. Rb1 e6 6. e4 Nge7 7. Nge2 0-0 8. 0-0 d6 9. a3 b6 10. b4 Bb7 11. d3 Qd7 12. Be3 Nd4 13. Qd2 Rfe8 14. Bh6 Bh8 15. Qg5 Nec6 16. h4 Ne5 17. Nxd4 cxd4 18. Ne2 Nxd3 19. f4 f5 20. h5 Kf7 21. hxg6+ hxg6 22. e5 Bxg2 23. Kxg2 Qc6+ 0-1

[Event "Leiden Noteboom Memorial 78th"]
[Site "Leiden"]
[Date "2018.02.17"]
[Round "2"]
[White "Clemens, Adrian HP"]
[Black "Ducarmon, Quinten"]
[Result "1/2-1/2"]
[WhiteElo "2169"]
[BlackElo "2472"]
[PlyCount "86"]
[EventDate "2018.02.16"]
[EventType "swiss"]
[EventRounds "6"]
[EventCountry "NED"]
[SourceTitle "CBM 182 Extra"]
[Source "ChessBase"]
[SourceDate "2018.02.23"]
[SourceVersion "1"]
[SourceVersionDate "2018.02.23"]
[SourceQuality "1"]

1. d4 Nf6 2. c4 e6 3. Nf3 b6 4. g3 Ba6 5. Qc2 c5 6. d5 exd5 7. cxd5 g6 8. Bg2 Bg7 9. 0-0 0-0 10. Nc3 d6 11. a4 Bb7 12. Nd2 Na6 13. Nc4 Nb4 14. Qd1 Re8 15. Bf4 Bf8 16. e4 Ba6 17. b3 Nh5 18. Be3 Qd7 19. Rc1 Bg7 20. Re1 Rad8 21. Bg5 Ra8 22. Be3 Rad8 23. Bg5 Rb8 24. Be3 Kh8 25. Qd2 Rf8 26. Bf1 Rbe8 27. Bh6 f5 28. exf5 Bxh6 29. Qxh6 Qxf5 30. Qd2 Bxc4 31. Bxc4 Nf6 32. Nb5 Rxe1+ 33. Rxe1 Ne4 34. Qe2 Nxf2 35. Nxd6 Qf6 36. Ne4 Nxe4 37. Qxe4 Rd8 38. Qe7 Nxd5 39. Bxd5 Qxe7 40. Rxe7 Rxd5 41. Rxa7 Rd3 42. Rb7 Rxb3 43. a5 Ra3 1/2-1/2

[Event "Hoogeveen op 21st"]
[Site "Hoogeveen"]
[Date "2017.10.27"]
[Round "8"]
[White "Clemens, Adrian HP"]
[Black "Damen, Jip"]
[Result "1/2-1/2"]
[WhiteElo "2198"]
[BlackElo "2016"]
[PlyCount "108"]
[EventDate "2017.10.21"]
[EventType "swiss"]
[EventRounds "9"]
[EventCountry "NED"]
[SourceTitle "CBM 181 Extra"]
[Source "ChessBase"]
[SourceDate "2017.12.12"]
[SourceVersion "1"]
[SourceVersionDate "2017.12.12"]
[SourceQuality "1"]

1. d4 g6 2. e4 Bg7 3. c4 d6 4. Nc3 Nf6 5. Nf3 0-0 6. Be2 Na6 7. 0-0 e5 8. d5 Nc5 9. Qc2 a5 10. Bg5 h6 11. Be3 Nh5 12. g3 f5 13. exf5 Bxf5 14. Qd1 Qe7 15. Nd2 Bh3 16. Re1 Nf4 17. Bg4 Bxg4 18. Qxg4 h5 19. Qd1 Nfd3 20. Rf1 Nxb2 21. Qc2 Nbd3 22. Bxc5 Nxc5 23. Qxg6 Qf7 24. Qxf7+ Rxf7 25. Nde4 Rf3 26. Rac1 Nd3 27. Rc2 Nb4 28. Re2 Rd3 29. Nb5 Na6 30. Rd2 Rxd2 31. Nxd2 Bh6 32. Ne4 Rf8 33. Kg2 Kf7 34. Rd1 Kg6 35. Rd3 Bc1 36. Rc3 Bh6 37. Ra3 b6 38. Rf3 Rxf3 39. Kxf3 Kf5 40. h3 Bc1 41. g4+ hxg4+ 42. hxg4+ Kg6 43. a4 Bf4 44. Kg2 Bc1 45. Kh3 Bf4 46. Kh4 Bc1 47. g5 Bf4 48. Kg4 Bc1 49. Nbc3 Nb4 50. Ne2 Nd3 51. N2c3 Nb4 52. Nb5 Na6 53. Kh4 Bf4 54. Kg4 Bc1 1/2-1/2

[Event "Hoogeveen op 21st"]
[Site "Hoogeveen"]
[Date "2017.10.26"]
[Round "7"]
[White "Hendriks, Richard V"]
[Black "Clemens, Adrian HP"]
[Result "1/2-1/2"]
[WhiteElo "2087"]
[BlackElo "2198"]
[PlyCount "85"]
[EventDate "2017.10.21"]
[EventType "swiss"]
[EventRounds "9"]
[EventCountry "NED"]
[SourceTitle "CBM 181 Extra"]
[Source "ChessBase"]
[SourceDate "2017.12.12"]
[SourceVersion "1"]
[SourceVersionDate "2017.12.12"]
[SourceQuality "1"]

1. e4 c5 2. Nf3 e6 3. d4 cxd4 4. Nxd4 Nc6 5. Nc3 Qc7 6. Be3 a6 7. Qf3 d6 8. Be2 Bd7 9. 0-0 Nf6 10. Qg3 g6 11. Rad1 Bg7 12. Qh4 h6 13. f3 g5 14. Qf2 Ne5 15. Nb3 b5 16. a3 Rb8 17. Kh1 Bc6 18. Nd4 Nh5 19. Rfe1 Nf4 20. Bf1 Nfg6 21. Nde2 0-0 22. Ng3 f5 23. exf5 exf5 24. Nh5 f4 25. Ba7 Rb7 26. Nxg7 Kxg7 27. Bd4 Nh4 28. Ne4 Bxe4 29. Rxe4 Nf5 30. Bc3 Kg6 31. Bd3 Nxd3 32. Rxd3 Rf7 33. Rd5 Ne3 34. Re6+ Kh7 35. Rdxd6 Nf5 36. Rd5 Qc4 37. Rde5 Rbd7 38. Re1 Ne3 39. Re8 Qd5 40. Rh8+ Kg6 41. Rg8+ Kh7 42. Rh8+ Kg6 43. Rg8+ 1/2-1/2

[Event "Hoogeveen op 21st"]
[Site "Hoogeveen"]
[Date "2017.10.24"]
[Round "5"]
[White "De Boer, Eelke"]
[Black "Clemens, Adrian HP"]
[Result "1-0"]
[WhiteElo "2301"]
[BlackElo "2198"]
[PlyCount "37"]
[EventDate "2017.10.21"]
[EventType "swiss"]
[EventRounds "9"]
[EventCountry "NED"]
[SourceTitle "CBM 181 Extra"]
[Source "ChessBase"]
[SourceDate "2017.12.12"]
[SourceVersion "1"]
[SourceVersionDate "2017.12.12"]
[SourceQuality "1"]

1. e4 c5 2. Nf3 e6 3. d4 cxd4 4. Nxd4 Nc6 5. Nc3 Qc7 6. Be3 a6 7. Qf3 d6 8. Nxc6 Qxc6 9. Bd3 Nf6 10. 0-0 Be7 11. Qg3 0-0 12. f4 Qc7 13. Rae1 Bd7 14. Qh3 e5 15. f5 Bc6 16. g4 b5 17. g5 Nd7 18. f6 gxf6 19. Nd5 1-0